000 00529cam a22001934a 4500
005 20250605164304.0
008 250528s ||||||||||||||||||||||||d
035 _a22198
020 _a9789601645810
040 _aGR-AtMCL
_bgre
_dGR-AtMCL
_eAACR2
245 1 _aΗ ΟΔΟΝΤΟΓΛΥΦΙΔΑ ΠΟΥ ΕΓΙΝΕ ΟΓΔΟΝΤΟΓΛΥΦΙΔΑ
250 _a2
260 _bΠατάκης,
_c2014
300 _a24
700 1 _aΜαντουβαλου Σοφια
_98065
942 _cBK
999 _c7254
_d7254